000 00644cab a2200265 4500
001 ABS50421
008 090401t1994 xxu||||| |||| 00| 0 eng d
035 _a(Sirsi) u75632
041 _aeng
245 _aCentrefolio A40: West London Boroughs
260 _c1994
350 _a0
490 _aProperty Week
_v47(3) 21 April 1994, 65-83(7)
650 _aA40
650 _aEALING
650 _aHARROW
650 _aLONDON
650 _aPARK ROYAL
650 _aUXBRIDGE
650 _aWEMBLEY
650 _aWEST LONDON
690 _aPROPERTY-COMMERCIAL PROPERTY-COMMERCIAL PROPERTY MARKET
942 _n0
948 _c04/03/1997
999 _c47578
_d47578